Historia de la filosofía antigua
Spremljeno u:
| Glavni autor: | |
|---|---|
| Format: | Knjiga |
| Jezik: | španjolski |
| Izdano: |
Madrid
Trotta
1997
Madrid Consejo Superior de investigaciones Cientificas 1997 |
| Izdanje: | 1a. ed |
| Serija: | Enciclopedia Iberoamericana de Filosofía, 14
|
| Teme: | |
| Oznake: |
Dodaj oznaku
Bez oznaka, Budi prvi tko označuje ovaj zapis!
|
MARC
| LEADER | 00000cam a2200000 a 4500 | ||
|---|---|---|---|
| 001 | UCE8494 | ||
| 003 | CL-VaPUC | ||
| 008 | 150806e19970000sp |||||||||||||||||spa|d | ||
| 020 | |a 9788481641545 | ||
| 082 | 0 | 4 | |a 180 |b GAR |2 21 |
| 100 | |a García Gual, Carlos |e autor |9 595619 | ||
| 245 | 1 | 0 | |a Historia de la filosofía antigua |
| 250 | |a 1a. ed | ||
| 300 | |a 405 p | ||
| 942 | |c BK | ||
| 945 | |d 20150806 12:27:00 |a gsalatino | ||
| 260 | |a Madrid |b Trotta |c 1997 | ||
| 260 | |a Madrid |b Consejo Superior de investigaciones Cientificas |c 1997 | ||
| 600 | 0 | |a Sócrates |9 266368 | |
| 600 | 0 | 7 | |a PLATON |2 CL-VaPUC |9 222 |
| 650 | 0 | |a Filosofía antigua |9 255705 | |
| 650 | 0 | |a Filosofía griega |9 265579 | |
| 650 | 0 | |a Presocráticos |9 325852 | |
| 650 | 0 | |a Escuelas filosóficas |9 266232 | |
| 583 | |a last modification |c 20170606 11:05:30 |k Rodrigo Vera | ||
| 490 | 0 | |a Enciclopedia Iberoamericana de Filosofía, 14 | |
| 999 | |c 360339 |d 360337 | ||
| 952 | |0 0 |1 0 |3 erb |4 0 |6 180_000000000000000_GAR_1997_1997 |7 0 |8 A |9 470066 |a BIBEDU |b BIBEDU |i 5192978 |l 5 |m 4 |o 180 GAR 1997 1997 |p 5192978 |r 2023-12-14 |s 2023-11-28 |w 2019-11-23 |y BK |z Catalogado en:20150806 |k FIL | ||